000 00348nam a2200133Ia 4500
008 210716s1993 xx 000 0 und d
041 _aeng
082 _a005.301 BIDH
100 _aBidgoli, Hossein.
245 _aAdvanced lotus 1-2-3 with applications.
260 _aU S A
_bWest publishing company
_c1993
300 _axxiv,388
650 _aNone
999 _c182661
_d182661